International Business : (Record no. 13441)
[ view plain ]
| 000 -LEADER | |
|---|---|
| fixed length control field | 01809cam a22003375a 4500 |
| 001 - CONTROL NUMBER | |
| control field | 15866449 |
| 005 - DATE AND TIME OF LATEST TRANSACTION | |
| control field | 20150813120825.0 |
| 008 - FIXED-LENGTH DATA ELEMENTS--GENERAL INFORMATION | |
| fixed length control field | 090813t2009 maua frb 001 0 eng |
| 010 ## - LIBRARY OF CONGRESS CONTROL NUMBER | |
| LC control number | 2009033378 |
| 020 ## - INTERNATIONAL STANDARD BOOK NUMBER | |
| International Standard Book Number | 9780071287982 (alk. paper) |
| 020 ## - INTERNATIONAL STANDARD BOOK NUMBER | |
| International Standard Book Number | 0071287981 |
| 040 ## - CATALOGING SOURCE | |
| Original cataloging agency | DLC |
| Language of cataloging | eng |
| Transcribing agency | DLC |
| Modifying agency | EG-ScBUE |
| 050 00 - LIBRARY OF CONGRESS CALL NUMBER | |
| Classification number | HD62.4 |
| Item number | .H55 2011 |
| 082 04 - DEWEY DECIMAL CLASSIFICATION NUMBER | |
| Classification number | 658.049 |
| Edition number | 22 |
| Item number | HIL |
| 100 1# - MAIN ENTRY--PERSONAL NAME | |
| Personal name | Hill, Charles W. L. |
| 9 (RLIN) | 11593 |
| 245 10 - TITLE STATEMENT | |
| Title | International Business : |
| Remainder of title | Competing in the Global Marketplace / |
| Statement of responsibility, etc | Charles W. L. Hill. |
| 250 ## - EDITION STATEMENT | |
| Edition statement | International ed., 7th ed. |
| 260 ## - PUBLICATION, DISTRIBUTION, ETC. (IMPRINT) | |
| Place of publication, distribution, etc | Boston : |
| Name of publisher, distributor, etc | McGraw-Hill/Irwin, |
| Date of publication, distribution, etc | 2009. |
| 263 ## - PROJECTED PUBLICATION DATE | |
| Projected publication date | 1101 |
| 300 ## - PHYSICAL DESCRIPTION | |
| Extent | xxiim, 738p. : |
| Other physical details | ill; |
| Dimensions | 30 cm. |
| 500 ## - GENERAL NOTE | |
| General note | Indexes : p. 717-738. |
| 500 ## - GENERAL NOTE | |
| General note | Glossary : p. 704-715 . |
| 505 0# - FORMATTED CONTENTS NOTE | |
| Formatted contents note | National differences in political economy -- Differences in culture -- Ethics in international business -- International trade theory -- The political economy of international trade -- Foreign direct investment -- Regional economic integration -- The foreign exchange market -- The international monetary system -- The global capital market -- The strategy of international business -- The organization of international business -- Entry strategy and strategic alliances -- Exporting, importing, and countertrade -- Global production, outsourcing, and logistics -- Global marketing and R&D -- Global human resource management -- Accounting in the international business -- Financial management in the international business. |
| 590 ## - LOCAL NOTE (RLIN) | |
| Local note | menna elemam |
| 650 #0 - SUBJECT ADDED ENTRY--TOPICAL TERM | |
| Topical term or geographic name as entry element | International business enterprises-- |
| General subdivision | Management. |
| 9 (RLIN) | 11594 |
| Source of heading or term | BUEsh |
| 650 #0 - SUBJECT ADDED ENTRY--TOPICAL TERM | |
| Topical term or geographic name as entry element | Competition, International. |
| 9 (RLIN) | 11595 |
| Source of heading or term | BUEsh |
| 651 ## - SUBJECT ADDED ENTRY--GEOGRAPHIC NAME | |
| Source of heading or term | BUEsh |
| 653 ## - INDEX TERM--UNCONTROLLED | |
| Resource For college | BAEPS, Business Administration |
| Arrived date list | August2015 |
| 942 ## - ADDED ENTRY ELEMENTS (KOHA) | |
| Source of classification or shelving scheme | Dewey Decimal Classification |
| Item type | Book - Borrowing |
| Call number prefix | 658.049 HIL |
| Withdrawn status | Item status | Source of classification or shelving scheme | Damaged status | Not for loan | Vendor | Home library | Current library | Shelving location | Date acquired | Source of acquisition | Total Checkouts | Total Renewals | Full call number | Barcode | Date last seen | Date last borrowed | Koha item type |
|---|---|---|---|---|---|---|---|---|---|---|---|---|---|---|---|---|---|
| Dewey Decimal Classification | Baccah | Central Library | Central Library | First floor | 21/02/2010 | 10 | 20 | 658.049 HIL | 000019910 | 15/07/2025 | 23/11/2020 | Book - Borrowing | |||||
| Dewey Decimal Classification | Baccah | Central Library | Central Library | First floor | 21/02/2010 | 7 | 658.049 HIL | 000019911 | 15/07/2025 | 22/05/2010 | NB - Book (Non borrowing) | ||||||
| Lost and Paid For | Dewey Decimal Classification | Baccah | Central Library | Central Library | First floor | 03/03/2010 | 7 | 9 | 658.049 HIL | 000020112 | 30/10/2011 | 18/04/2011 | Book - Borrowing | ||||
| Dewey Decimal Classification | Baccah | Central Library | Central Library | First floor | 25/03/2010 | 9 | 7 | 658.049 HIL | 000019781 | 15/07/2025 | 23/02/2013 | Book - Borrowing | |||||
| Dewey Decimal Classification | Baccah | Central Library | Central Library | First floor | 28/03/2010 | 7 | 20 | 658.049 HIL | 000020363 | 15/07/2025 | 01/12/2016 | Book - Borrowing | |||||
| Dewey Decimal Classification | Baccah | Central Library | Central Library | First floor | 28/03/2010 | 8 | 4 | 658.049 HIL | 000020364 | 15/07/2025 | 23/11/2020 | Book - Borrowing | |||||
| Dewey Decimal Classification | Baccah | Central Library | Central Library | First floor | 28/03/2010 | 10 | 20 | 658.049 HIL | 000020365 | 15/07/2025 | 30/11/2015 | Book - Borrowing | |||||
| Dewey Decimal Classification | Baccah | Central Library | Central Library | First floor | 28/03/2010 | 6 | 16 | 658.049 HIL | 000020366 | 15/07/2025 | 04/11/2018 | Book - Borrowing | |||||
| Dewey Decimal Classification | Baccah | Central Library | Central Library | First floor | 28/03/2010 | 2 | 658.049 HIL | 000020367 | 15/07/2025 | 11/12/2021 | Book - Borrowing |